Redes de agua potable diseño y dimensionamiento
Spremljeno u:
| Glavni autor: | |
|---|---|
| Format: | Knjiga |
| Jezik: | španjolski |
| Izdano: |
Santiago
Universidad Católica de Chile. Escuela de Construcción Civil
1974
|
| Teme: | |
| Oznake: |
Dodaj oznaku
Bez oznaka, Budi prvi tko označuje ovaj zapis!
|
MARC
| LEADER | 00000nam a2200000 a 4500 | ||
|---|---|---|---|
| 001 | UCU7812 | ||
| 003 | CL-VaPUC | ||
| 008 | 960705e19740000CL |||||||||||||||||spa|d | ||
| 082 | 0 | 4 | |a 628.144 |b MUN |2 21 |
| 100 | |a Munizaga Díaz, Enrique |e autor |9 366889 | ||
| 245 | 1 | 0 | |a Redes de agua potable diseño y dimensionamiento |
| 300 | |a 267 p | ||
| 942 | |c BK | ||
| 945 | |d 19960705 00:00:00 |a paguirre | ||
| 260 | |a Santiago |b Universidad Católica de Chile. Escuela de Construcción Civil |c 1974 | ||
| 650 | 0 | |a Agua |9 257149 | |
| 650 | 0 | |a Agua potable |9 260375 | |
| 650 | 0 | |a Abastecimiento de agua |9 260374 | |
| 650 | 7 | |a DISTRIBUCION DE AGUA |2 CL-VaPUC |9 364346 | |
| 583 | |a last modification |c 20160104 00:45:28 |k Rodrigo Vera | ||
| 999 | |c 250380 |d 250378 | ||
| 952 | |0 0 |1 0 |4 0 |6 628_144000000000000_MUN_1974 |7 0 |8 A |9 268328 |a BIBING |b BIBING |d 2019-11-19 |i 1701819 |o 628.144 MUN 1974 |p 1701819 |r 2025-01-20 |w 2019-11-19 |y BK |k CCL | ||